00653 2200241 4500001002100000005001500021035002000036245008400056100001300140250000600153300003600159700002100195260003900216082001100255084001700266020002200283650002100305990001700326990001700343990001700360990001700377990001700394INLIS00000000000017320180905010726 a0010-09180000271 aPandai Memahami dan Menulis Cerita Pendek /cAminudin; Editor, Endang Kristin N0 aAminudin a- avi, 106 hlm. :bilus. ;c21 cm.0 aEndang Kristin N aBandung :bPT Pribumi Mekar,c2009 a808.02 a808.02 AMI p a978-979-9148-63-4 aTeknik Penulisan a00739/P/2018 a00740/P/2018 a00741/P/2018 a00742/P/2018 a00743/P/2018